| 000 | 00653nam a22001817a 4500 | ||
|---|---|---|---|
| 010 | _aENG-119724 | ||
| 020 |
_a8186098674 _c300.00 |
||
| 035 | _aEN-103256 | ||
| 037 | _bDBAD/PUB | ||
| 082 | _a230.5 | ||
| 100 | _aBansal, Ipshita | ||
| 245 |
_aManagement concepts in ancient Indian Psycho-Philosophic thought and their significance for present day organisations / _cby Ipshita Bansal |
||
| 260 |
_aJaipur _bNarayan Prakashan _c2017 |
||
| 270 |
_aG-15, S.S. Tower, Dhamani Street, Chaura Rasta, _bJaipur _e302003 |
||
| 300 |
_a186p. _c22cm(Hb) _b |
||
| 500 | _a Includes bibliographical references | ||
| 942 |
_2ddc _cEN _h230.5 _mBAN |
||
| 999 |
_c143564 _d143564 |
||